000 00408nam a2200169Ia 4500
008 230524s9999 xx 000 0 und d
020 _a0070583552
082 _a658.56
_bCHA
100 _aS.N.Chary
245 0 _aProduction and Operations Management
250 _a3RD
260 _aNEW DELHI
_bTMH
_c2005
300 _aXVII;31.4
500 _aQuantity Number: 82
650 _aManagement
942 _cBK
999 _c27885
_d27885